000 00325nam a22001457a 4500
008 230707b ||||| |||| 00| 0 eng d
020 _a9781433803109
041 _aeng
080 _a159.9
082 _a159.9WAT
100 _a25
101 _aPSI
245 _aGENDER OCCUPATIONAL OUTCOMES
_cWATT.G.M.H
942 _2udc
_cBK
999 _c60114
_d60114